00348nam a2200121 a 450000500170000000800410001702000140005805000220007210000180009424500470011226000450015930000220020420140310183301.0041207s19uu xx 00 eng d a263711161 aPZ 4b.D2459 1970 aDaveson, Mons aThe house in the foothills/.cMons Daveson aLondon ;bMills and Boon Limited,c1970. a189 p. :c17 cm.